Të shpëtojmë komunikimin (Record no. 46619)
[ view plain ]
| 000 -LEADER | |
|---|---|
| fixed length control field | 00264nam a22001217a 4500 |
| 008 - FIXED-LENGTH DATA ELEMENTS--GENERAL INFORMATION | |
| fixed length control field | 180620b xxu||||| |||| 00| 0 eng d |
| 041 ## - LANGUAGE CODE | |
| Language code of text/sound track or separate title | eng |
| 080 ## - UNIVERSAL DECIMAL CLASSIFICATION NUMBER | |
| Universal Decimal Classification number | 070 |
| 100 ## - Rafti | |
| Rafti | 40 |
| 101 ## - Shkurtesa | |
| Shkurtesa | MK |
| 245 ## - TITLE STATEMENT | |
| Title | Të shpëtojmë komunikimin |
| Statement of responsibility, etc | Wolton,D |
| 942 ## - ADDED ENTRY ELEMENTS (KOHA) | |
| Source of classification or shelving scheme | |
| Item type | Books |
| Withdrawn status | Lost status | Source of classification or shelving scheme | Damaged status | Not for loan | Collection code | Permanent location | Current location | Shelving location | Date acquired | Total Checkouts | Full call number | Barcode | Date last seen | Price effective from | Koha item type |
|---|---|---|---|---|---|---|---|---|---|---|---|---|---|---|---|
| Koleksioni i përgjithshem | UBT - Lipjan | UBT - Lipjan | Koleksioni i përgjithshem | 06/20/2018 | 070 WOL | 002-3009640 | 06/20/2018 | 06/20/2018 | Books | ||||||
| Koleksioni i përgjithshem | UBT - Lipjan | UBT - Lipjan | Koleksioni i përgjithshem | 06/20/2018 | 070 WOL | 002-3009645 | 06/20/2018 | 06/20/2018 | Books | ||||||
| Koleksioni i përgjithshem | UBT - Lipjan | UBT - Lipjan | Koleksioni i përgjithshem | 06/20/2018 | 070 WOL | 002-3009650 | 06/20/2018 | 06/20/2018 | Books | ||||||
| Koleksioni i përgjithshem | UBT - Lipjan | UBT - Lipjan | Koleksioni i përgjithshem | 06/20/2018 | 070 WOL | 002-3009651 | 06/20/2018 | 06/20/2018 | Books | ||||||
| Koleksioni i përgjithshem | UBT - Lipjan | UBT - Lipjan | Koleksioni i përgjithshem | 06/20/2018 | 070 WOL | 002-3009646 | 06/20/2018 | 06/20/2018 | Books |